000 00623cam a2200145 4500500
005 20251012021659.0
041 _afre
042 _adc
100 1 0 _aRivet de Sabatier, Philippe
_eauthor
245 0 0 _aÉtienne de La Vaissière Asie centrale 300-850 Des routes et des royaumes. Les Belles Lettres, 2024, 648 pages, 125 illustrations en couleurs, 48 cartes réalisées par Fabien Tessier, 35 €.
260 _c2025.
500 _a23
786 0 _nÉtudes | Juillet-Août | 7-8 | 2025-07-01 | p. 130-130 | 0014-1941
856 4 1 _uhttps://shs.cairn.info/revue-etudes-2025-7-page-130?lang=fr&redirect-ssocas=7080
999 _c1539109
_d1539109